Counties of Kansas - Statistics

General Stats
  • This quiz has been taken 15 times
  • The average score is 27 of 105
Answer Stats
Answer % Correct
Cloud
67%
Gove
67%
Osborne
67%
Thomas
67%
Trego
67%
Atchison
33%
Barber
33%
Barton
33%
Bourbon
33%
Brown
33%
Butler
33%
Chase
33%
Chautauqua
33%
Cherokee
33%
Cheyenne
33%
Clay
33%
Cowley
33%
Crawford
33%
Decatur
33%
Dickinson
33%
Doniphan
33%
Douglas
33%
Ellsworth
33%
Finney
33%
Ford
33%
Franklin
33%
Geary
33%
Grant
33%
Gray
33%
Greenwood
33%
Harper
33%
Harvey
33%
Haskell
33%
Hodgeman
33%
Jackson
33%
Jefferson
33%
Jewell
33%
Johnson
33%
Kingman
33%
Leavenworth
33%
Linn
33%
Lyon
33%
Marion
33%
Marshall
33%
McPherson
33%
Meade
33%
Miami
33%
Morris
33%
Morton
33%
Nemaha
33%
Neosho
33%
Ness
33%
Norton
33%
Osage
33%
Ottawa
33%
Pawnee
33%
Phillips
33%
Pottawatomie
33%
Pratt
33%
Rawlins
33%
Reno
33%
Rice
33%
Riley
33%
Saline
33%
Seward
33%
Shawnee
33%
Smith
33%
Stanton
33%
Stevens
33%
Sumner
33%
Wabaunsee
33%
Washington
33%
Wilson
33%
Woodson
33%
Wyandotte
33%
Allen
0%
Anderson
0%
Clark
0%
Coffey
0%
Comanche
0%
Edwards
0%
Elk
0%
Ellis
0%
Graham
0%
Greeley
0%
Hamilton
0%
Kearny
0%
Kiowa
0%
Labette
0%
Lane
0%
Lincoln
0%
Logan
0%
Mitchell
0%
Montgomery
0%
Republic
0%
Rooks
0%
Rush
0%
Russell
0%
Scott
0%
Sedgwick
0%
Sheridan
0%
Sherman
0%
Stafford
0%
Wallace
0%
Wichita
0%
No matching quizzes found
Score Distribution
Percent of People with Each Score
Percentile by Number Answered
Your Score History
You have not taken this quiz